[Event "Druzynowe Mistrzostwa Polski Juniorow 2019 - II Liga"]
[Site "Szczyrk"]
[Date "1899-12-30"]
[Round "6.96"]
[White "Majewska, Zuzanna"]
[Black "Pietrzak, Emilia"]
[Result "0-1"]
[WhiteTitle "II"]
[BlackTitle "I"]
[WhiteElo "1000"]
[BlackElo "1320"]

1. d4 d5 2. c4 c6 3. Nf3 Nf6 4. Bg5 dxc4 5. Nc3 Bf5 6. e3 Nbd7 7. Bxc4 h6 8. Bxf6
Nxf6 9. O-O e6 10. Re1 Bb4 11. a3 Bxc3 12. bxc3 Ne4 13. Rc1 O-O 14. a4 Qc7 15.
Nd2 Nxd2 16. Qxd2 Qa5 17. Ra1 Rfd8 18. e4 Bg6 19. Qb2 Qc7 20. g3 e5 21. f3 Rd7
22. Rad1 Qa5 23. Ra1 Rad8 24. d5 Qc5+ 25. Kh1 Qxc4 26. dxc6 Qxc6 27. h4 h5 28.
Ra3 Rd3 29. Qb5 Rxc3 30. Qxc6 Rxc6 31. Rb1 b6 32. a5 bxa5 33. Rxa5 Rc3 34. Rd5
Rd3 35. Rxe5 Rd1+ 36. Rxd1 Rxd1+ 37. Kh2 Rd3 38. Re8+ Kh7 39. Kg2 f6 40. Re7 a5
41. Ra7 Ra3 42. Kf2 Be8 43. Ra8 Bb5 44. f4 Bc6 45. Ra7 Bxe4 46. Ke2 a4 47. Kf2
Bc2 48. Rc7 Bb3 49. Kf3 Bd5+ 50. Kf2 Ra1 51. Rc5 Bb3 52. Rxh5+ Kg6 53. Rh8 Bd1
54. Ke3 a3 55. Ra8 a2 56. Ke4 Bc2+ 57. Kf3 Rf1+ 58. Kg4 Bf5# 0-1

[Event "Druzynowe Mistrzostwa Polski Juniorow 2019 - II Liga"]
[Site "Szczyrk"]
[Date "1899-12-30"]
[Round "6.97"]
[White "Lendzion, Kamil"]
[Black "Kucharski, Bartlomiej"]
[Result "0-1"]
[WhiteTitle "I"]
[BlackTitle "I++"]
[WhiteElo "1795"]
[BlackElo "1952"]

1. e4 e5 2. Nf3 Nf6 3. d4 Nxe4 4. Nxe5 d5 5. Bd3 Bd6 6. O-O O-O 7. c4 c6 8. f3
Nf6 9. Bg5 h6 10. Bh4 Nbd7 11. f4 dxc4 12. Nxc4 Bc7 13. Nc3 Nb6 14. Bxf6 Qxf6
15. Ne5 Qd6 16. Bc2 Rd8 17. Bb3 Be6 18. Bxe6 Qxe6 19. Ne4 f6 20. Nc5 Qd5 21. Ng6
Qxd4+ 22. Qxd4 Rxd4 23. Nxb7 Kf7 24. f5 Nd5 25. Rfd1 Rb4 26. Rac1 Rxb7 27. Rxc6
Bb6+ 28. Kh1 Ne3 29. Re1 Nxf5 30. Nf4 Re8 31. Rxe8 Kxe8 32. b3 Rc7 33. Rxc7 Bxc7
34. Nd5 Kd7 35. g4 Ne7 36. Nc3 Kc6 37. Kg2 Be5 38. Ne4 Kd5 39. Nd2 Nc6 40. h3
Nb4 41. a3 Nc2 42. Nc4 Bd6 43. a4 Nd4 44. Ne3+ Ke6 45. h4 Nxb3 46. Nf5 Bf8 47.
Kf3 g6 48. Ne3 Nc5 49. a5 Nb3 50. h5 gxh5 51. gxh5 Nxa5 52. Ke4 Nc6 53. Ng2 f5+
54. Kd3 Ke5 55. Nh4 Bd6 0-1

[Event "Druzynowe Mistrzostwa Polski Juniorow 2019 - II Liga"]
[Site "Szczyrk"]
[Date "1899-12-30"]
[Round "6.98"]
[White "Wolak, Kamil"]
[Black "Sloniewski, Michal"]
[Result "1/2-1/2"]
[WhiteTitle "I"]
[BlackTitle "I"]
[WhiteElo "1619"]
[BlackElo "1744"]

1. e4 Nf6 2. Nc3 d5 3. exd5 Nxd5 4. Nxd5 Qxd5 5. Nf3 Bg4 6. Be2 e6 7. d4 Nc6 8.
Be3 Be7 9. O-O O-O 10. c3 h6 11. Ne5 Bxe2 12. Nxc6 Qxc6 13. Qxe2 Qd5 14. Rfd1
Rfd8 15. b3 Qf5 16. Rd2 Rd7 17. Rad1 Rad8 18. h3 Bg5 19. Bxg5 Qxg5 20. Qe3 Qf5
21. f3 c5 22. dxc5 Rxd2 23. Rxd2 Rxd2 24. Qxd2 Qxc5+ 25. Kf1 Qf5 26. Ke2 Qe5+
27. Kf2 f5 28. f4 Qe4 29. Qe3 Qd5 30. c4 Qd6 31. c5 Qd5 32. a3 Kf7 33. b4 Kf6
34. Qc3+ Kf7 35. b5 Qe4 1/2-1/2

[Event "Druzynowe Mistrzostwa Polski Juniorow 2019 - II Liga"]
[Site "Szczyrk"]
[Date "1899-12-30"]
[Round "6.99"]
[White "Mocko, Maciej"]
[Black "Bartuzi, Krzysztof"]
[Result "1-0"]
[WhiteTitle "II"]
[BlackTitle "II+"]
[WhiteElo "1385"]
[BlackElo "1392"]

1. d4 f5 2. e4 e6 3. Nc3 g6 4. exf5 exf5 5. Nf3 Bg7 6. Bg5 Nf6 7. Bc4 Qe7+ 8. Ne5
c6 9. Bf7+ Kf8 10. O-O d6 11. Re1 Qc7 12. Bb3 dxe5 13. dxe5 Ng4 14. Qd6+ Qxd6
15. exd6 Bf6 16. Bxf6 Nxf6 17. Re7 Ng8 18. Rf7+ Ke8 19. Re1+ Kd8 20. Rf8+ Kd7
21. Be6+ Kxd6 22. Rxc8 1-0

[Event "Druzynowe Mistrzostwa Polski Juniorow 2019 - II Liga"]
[Site "Szczyrk"]
[Date "1899-12-30"]
[Round "6.100"]
[White "Bartuzi, Michal"]
[Black "Szymanczyk, Lukasz"]
[Result "1-0"]
[WhiteTitle "II+"]
[BlackTitle "II"]
[WhiteElo "1193"]
[BlackElo "1142"]

1. d4 d5 2. c4 e6 3. Nc3 Nf6 4. cxd5 exd5 5. Bg5 Be7 6. e3 h6 7. Bh4 O-O 8. Bd3
c6 9. Nge2 Nbd7 10. O-O a6 11. a4 Qc7 12. Bg3 Bd6 13. Bxd6 Qxd6 14. Bc2 c5 15.
Qd3 cxd4 16. exd4 Nb8 17. Nf4 Be6 18. Nh5 Nbd7 19. a5 g6 20. Ng3 Rac8 21. f4 Rfe8
22. f5 Bxf5 23. Nxf5 gxf5 24. Qxf5 Kf8 25. Ba4 Re7 26. Bxd7 Nxd7 27. Nxd5 Qe6
28. Nxe7 Kxe7 29. Rfe1 1-0

[Event "Druzynowe Mistrzostwa Polski Juniorow 2019 - II Liga"]
[Site "Szczyrk"]
[Date "1899-12-30"]
[Round "6.101"]
[White "Zarebska, Lena"]
[Black "Mirowska, Oliwia"]
[Result "1-0"]
[WhiteTitle "I++"]
[BlackTitle "I++"]
[WhiteElo "1773"]
[BlackElo "1735"]

1. e4 d6 2. d4 Nf6 3. f3 g6 4. c4 c6 5. Nc3 Nbd7 6. Be3 Qc7 7. Qd2 a6 8. Rc1 c5
9. d5 Rb8 10. a4 Ne5 11. Bd3 Nxd3+ 12. Qxd3 Bd7 13. Nge2 Bg7 14. O-O O-O 15. h3
Qa5 16. Bd2 Qc7 17. f4 Ne8 18. Rce1 f5 19. Ng3 fxe4 20. Ncxe4 Bxb2 21. Bc3 Bxc3
22. Qxc3 Ng7 23. Ng5 Rbe8 24. N3e4 Bf5 25. g4 Bxe4 26. Rxe4 Qd7 27. Qg3 h6 28.
Ne6 Nxe6 29. Rxe6 Rf6 30. Rfe1 Qxa4 31. Qd3 Kf7 32. g5 hxg5 33. fxg5 Rxe6 34.
dxe6+ Kg7 35. Rf1 Qb4 36. Rf7+ Kh8 37. Qxg6 Qe1+ 38. Kg2 1-0

[Event "Druzynowe Mistrzostwa Polski Juniorow 2019 - II Liga"]
[Site "Szczyrk"]
[Date "1899-12-30"]
[Round "6.102"]
[White "Hals, Emilia"]
[Black "Anyz, Monika"]
[Result "1/2-1/2"]
[WhiteTitle "I"]
[BlackTitle "I+"]
[WhiteElo "1346"]
[BlackElo "1404"]

1. e4 c5 2. Nf3 Nc6 3. c3 d5 4. exd5 Qxd5 5. d4 Bf5 6. Be2 Bxb1 7. Rxb1 cxd4 8.
Qb3 Qxb3 9. axb3 dxc3 10. bxc3 Nf6 11. O-O e6 12. Bb2 Be7 13. c4 O-O 14. Ra1 Rfd8
15. Rfd1 Ne4 16. Nd4 Bc5 17. Nxc6 bxc6 18. Bf3 Nxf2 19. Rxd8+ Rxd8 20. Kf1 Rc8
21. Ke2 f5 22. b4 Rb8 23. Bc3 Bxb4 24. Bxb4 Rxb4 25. Kxf2 Rxc4 26. Rxa7 Rc2+ 27.
Be2 Kf8 28. Ke3 c5 29. Rc7 c4 30. Rxc4 Rxc4 31. Bxc4 e5 32. Bd5 Ke7 33. Kd3 Kf6
34. Kc4 Kg5 35. Bg8 h5 36. Kd5 Kf6 37. h4 g6 38. Kd6 e4 39. Bc4 f4 40. Kd5 Kf5
41. Kd4 f3 42. gxf3 exf3 43. Ke3 Kg4 44. Bd5 Kxh4 45. Kxf3 g5 46. Be6 g4+ 47.
Bxg4 hxg4+ 48. Kg2 g3 49. Kg1 Kg5 50. Kg2 Kg4 51. Kg1 1/2-1/2

[Event "Druzynowe Mistrzostwa Polski Juniorow 2019 - II Liga"]
[Site "Szczyrk"]
[Date "1899-12-30"]
[Round "6.103"]
[White "Stachowicz, Hubert"]
[Black "Burzak, Wojciech"]
[Result "0-1"]
[WhiteTitle "III"]
[BlackTitle "I"]
[WhiteElo "1092"]
[BlackElo "1705"]

1. d4 Nf6 2. c4 g6 3. Nc3 d5 4. e3 Bg7 5. Nf3 O-O 6. h3 c5 7. dxc5 Qa5 8. Qb3 Ne4
9. Bd2 Nxd2 10. Nxd2 Bxc3 11. bxc3 dxc4 12. Qb4 Qc7 13. Bxc4 Nc6 14. Qa3 Rd8 15.
Nb3 Qe5 16. Qb2 Qg5 17. Bf1 e5 18. g3 Be6 19. Bg2 Rd7 20. Qe2 Rad8 21. O-O Rd3
22. Rac1 Bc4 23. Qc2 f5 24. Rfd1 f4 25. exf4 exf4 26. g4 f3 27. Bf1 Qh6 28. Rxd3
Bxd3 29. Qd1 Be2 30. Qe1 Bxf1 31. Qxf1 Qf4 32. Re1 Ne5 33. Nc1 Nxg4 34. hxg4 Qxg4+
35. Kh2 Rd5 36. Re8+ Kf7 37. Re7+ Kxe7 0-1

[Event "Druzynowe Mistrzostwa Polski Juniorow 2019 - II Liga"]
[Site "Szczyrk"]
[Date "1899-12-30"]
[Round "6.104"]
[White "Skowron, Mateusz"]
[Black "Bartlomowicz, Jakub"]
[Result "1/2-1/2"]
[WhiteTitle "I"]
[BlackTitle "II+"]
[WhiteElo "1594"]
[BlackElo "1633"]

1. e4 e5 2. Nf3 Nc6 3. Bb5 a6 4. Ba4 Nf6 5. d3 d6 6. c3 g6 7. O-O Bg7 8. Nbd2 O-O
9. Re1 Nh5 10. Nf1 h6 11. Bb3 Kh7 12. Ne3 Nf4 13. h3 Ne7 14. d4 exd4 15. cxd4
d5 16. e5 Bd7 17. Nc2 Ne6 18. Nb4 Bb5 19. Be3 a5 20. Nd3 Nf5 21. a4 Nxe3 22. Rxe3
Bxd3 23. Qxd3 c6 24. Rc1 Qe7 25. g3 h5 26. Rc3 Bh6 27. Re2 Ng5 28. Nxg5+ Qxg5
29. f4 Qe7 30. Qf3 h4 31. g4 g5 32. f5 f6 33. Rce3 Bg7 34. Qf2 Qb4 35. Rd3 Rae8
36. e6 1/2-1/2

[Event "Druzynowe Mistrzostwa Polski Juniorow 2019 - II Liga"]
[Site "Szczyrk"]
[Date "1899-12-30"]
[Round "6.105"]
[White "Babiarz, Arkadiusz"]
[Black "Celebias, Filip"]
[Result "1-0"]
[WhiteTitle "I++"]
[BlackTitle "II"]
[WhiteElo "1833"]
[BlackElo "1380"]

1. e4 c5 2. Nf3 e6 3. c3 Nf6 4. e5 Nd5 5. d4 cxd4 6. cxd4 d6 7. Be2 Nc6 8. Bd2
Qb6 9. Nc3 Nxd4 10. Nxd4 Qxd4 11. exd6 Bd7 12. Nb5 Qe5 13. f4 Qe4 14. O-O a6 15.
Bf3 Qc4 16. Nc3 Bxd6 17. Nxd5 exd5 18. Re1+ Kf8 19. Rc1 Qb5 20. Bc3 Re8 21. Rxe8+
Bxe8 22. Bxd5 Bxf4 23. Rc2 Qc5+ 24. Kh1 Qd6 25. Qd4 Qf6 26. Qxf6 gxf6 27. Bb4+
Kg7 28. Bxb7 Bb5 29. g3 Rb8 30. Be4 Be5 31. Bc3 Rc8 32. Bxe5 Rxc2 33. Bxf6+ Kxf6
34. Bxc2 h6 35. Bb3 Be8 36. Kg2 Ke5 37. Kf3 f5 38. Ke3 Bb5 39. Bc2 Bc4 40. b3
Bd5 41. Bd3 a5 42. Bc4 Bc6 43. a3 Bd7 44. Be2 Be6 45. b4 axb4 46. axb4 Bd5 47.
b5 Kd6 48. Bf3 Bc4 49. b6 Ba6 50. Kf4 Bd3 51. b7 Kc7 52. Ke5 h5 53. h4 Bc2 54.
Bxh5 Kxb7 55. Bg6 Kc7 56. Bxf5 Bd1 57. Kf6 Kd8 58. Kg7 Ke7 59. g4 1-0

[Event "Druzynowe Mistrzostwa Polski Juniorow 2019 - II Liga"]
[Site "Szczyrk"]
[Date "1899-12-30"]
[Round "6.106"]
[White "Grodzicki, Piotr"]
[Black "Jemiola, Jeremi"]
[Result "1-0"]
[WhiteTitle "II"]
[BlackTitle "III"]
[WhiteElo "1204"]
[BlackElo "1000"]

1. Nf3 Nc6 2. b3 e5 3. Bb2 d6 4. e3 Bg4 5. Be2 Nf6 6. h3 Bf5 7. Bb5 a6 8. Bxc6+
bxc6 9. d3 Be7 10. e4 Be6 11. Nc3 Qd7 12. Qd2 h6 13. Qe2 Nh5 14. Nxe5 dxe5 15.
Qxh5 Bc5 16. O-O Qe7 17. Qxe5 Rg8 18. Qh5 O-O-O 19. Na4 Ba7 20. Qa5 Kb7 21. Bc1
g5 22. Be3 Bxe3 23. fxe3 h5 24. Nc5+ Kc8 25. Qxa6+ 1-0

[Event "Druzynowe Mistrzostwa Polski Juniorow 2019 - II Liga"]
[Site "Szczyrk"]
[Date "1899-12-30"]
[Round "6.107"]
[White "Polak, Sylwia"]
[Black "Mytnik, Kinga"]
[Result "0-1"]
[WhiteTitle "I+"]
[BlackTitle "I"]
[WhiteElo "1533"]
[BlackElo "1604"]

1. d4 d6 2. c4 e5 3. d5 f5 4. Nc3 Nf6 5. Qc2 g6 6. Bg5 h6 7. Bxf6 Qxf6 8. e4 Na6
9. Nf3 Bd7 10. Be2 Be7 11. a3 c6 12. b4 c5 13. b5 Nc7 14. b6 axb6 15. Qb3 Ra6
16. a4 Kf7 17. a5 Rb8 18. O-O bxa5 19. Rfb1 b6 20. Ra2 Raa8 21. Ne1 Kg7 22. Nc2
Qf7 23. Na3 g5 24. Qc2 Na6 25. Rab2 Nb4 26. Qd1 Rf8 27. f3 f4 28. Na4 Rab8 29.
Nc3 Kh7 30. Nab5 Rb7 31. Na3 Rg8 32. Nc2 Rc8 33. Ne1 h5 34. Nd3 Qe8 35. Ne1 Ra8
36. Nb5 Rc8 37. Na3 Ba4 38. Qd2 Bd7 39. Qd1 Rcb8 40. Nb5 Qc8 41. Na3 Qc7 42. Qd2
Rg8 43. Qd1 Qc8 44. Nd3 g4 45. Ne1 Bh4 46. Rc1 Bxe1 47. Qxe1 gxf3 48. Bf1 Bh3
49. Qh4 0-1

[Event "Druzynowe Mistrzostwa Polski Juniorow 2019 - II Liga"]
[Site "Szczyrk"]
[Date "1899-12-30"]
[Round "6.108"]
[White "Szewczuk, Aleksandra"]
[Black "Krzanowska, Liliana"]
[Result "1-0"]
[WhiteTitle "I"]
[BlackTitle "I"]
[WhiteElo "1218"]
[BlackElo "1192"]

1. e4 c5 2. Nf3 d6 3. d4 cxd4 4. Nxd4 Nf6 5. Nc3 g6 6. Be3 Bg7 7. f3 O-O 8. Qd2
Nc6 9. O-O-O Nxd4 10. Bxd4 Be6 11. Kb1 a6 12. g4 Qa5 13. Nd5 Qxd2 14. Nxe7+ Kh8
15. Rxd2 Rfe8 16. Bxf6 Bxf6 17. Nd5 Bxd5 18. Rxd5 Be5 19. Bd3 Rac8 20. c3 Rc5
21. Rxc5 dxc5 22. h3 b5 23. Rd1 Rd8 24. Be2 Rxd1+ 25. Bxd1 a5 26. Kc2 c4 27. b3
cxb3+ 28. Kxb3 Bd6 29. Be2 b4 30. cxb4 Bxb4 31. Kc4 Kg7 32. Kd5 Kf6 33. f4 g5
34. e5+ Kg6 35. Bd3+ Kh6 36. fxg5+ Kxg5 37. Bxh7 f6 38. e6 Kh4 39. Bf5 Be7 40.
Kc6 Kg5 41. Kd7 Bf8 42. e7 1-0

[Event "Druzynowe Mistrzostwa Polski Juniorow 2019 - II Liga"]
[Site "Szczyrk"]
[Date "1899-12-30"]
[Round "6.109"]
[White "Poziomkowski, Szymon"]
[Black "Jaszczuk, Mateusz"]
[Result "0-1"]
[WhiteTitle "I"]
[BlackTitle "I"]
[WhiteElo "1816"]
[BlackElo "1508"]

1. e4 c5 2. Nf3 e6 3. c3 d5 4. exd5 Qxd5 5. d4 Nc6 6. Bd3 Nf6 7. Na3 cxd4 8. Nb5
Qd8 9. Nbxd4 Nxd4 10. Nxd4 Bc5 11. Be3 Bb6 12. Bg5 O-O 13. O-O h6 14. Bh4 e5 15.
Nb3 g5 16. Bg3 Bg4 17. Qc2 Re8 18. Rfe1 Nd7 19. h3 Bh5 20. Bf5 Bc7 21. Nd2 Nf8
22. Ne4 Qe7 23. c4 Ne6 24. Nc3 Nd4 25. Bh7+ Kg7 26. Qd3 Rad8 27. Nd5 Qc5 28. Be4
Bb8 29. h4 Qc8 30. Qe3 f5 31. hxg5 fxe4 32. gxh6+ Kh8 33. Qg5 Qg4 34. Qf6+ Kh7
35. Rxe4 Qg6 36. Qh4 Rf8 37. Rae1 Nf5 38. Qh3 Nxg3 39. fxg3 Qf7 40. g4 Qf2+ 41.
Kh1 Bg6 42. R4e2 Qd4 43. g5 e4 44. Nf6+ Rxf6 45. gxf6 Qxf6 46. b3 Rd3 47. Qc8
Qh4+ 48. Kg1 Qh2+ 49. Kf1 Bg3 50. Qxb7+ Kxh6 51. Rxe4 Rd2 52. Qxa7 Qh1+ 53. Qg1
Rf2# 0-1

[Event "Druzynowe Mistrzostwa Polski Juniorow 2019 - II Liga"]
[Site "Szczyrk"]
[Date "1899-12-30"]
[Round "6.110"]
[White "Guzik, Kacper"]
[Black "Kartasiewicz, Igor"]
[Result "1-0"]
[WhiteTitle "II"]
[BlackTitle "II"]
[WhiteElo "1350"]
[BlackElo "1000"]

1. e4 e5 2. Nf3 Nc6 3. Bc4 Nf6 4. Ng5 d5 5. exd5 Nxd5 6. Nxf7 Kxf7 7. Qf3+ Ke6
8. Nc3 Nce7 9. Qe4 b5 10. Bxb5 Nxc3 11. bxc3 Rb8 12. Rb1 Bb7 13. Bc4+ Nd5 14.
d4 Bd6 15. Rxb7 c6 16. Qg4+ 1-0

[Event "Druzynowe Mistrzostwa Polski Juniorow 2019 - II Liga"]
[Site "Szczyrk"]
[Date "1899-12-30"]
[Round "6.111"]
[White "Cwiek, Ryszard"]
[Black "Guzik, Michal"]
[Result "1-0"]
[WhiteTitle "I"]
[BlackTitle "II"]
[WhiteElo "1728"]
[BlackElo "1084"]

1. e4 c5 2. c3 e6 3. d4 cxd4 4. cxd4 a6 5. Nf3 Nc6 6. Nc3 d5 7. e5 Bb4 8. Bd3 Nge7
9. O-O O-O 10. a3 Bxc3 11. bxc3 Ng6 12. Ng5 h6 13. Nh3 f5 14. Qh5 Nh8 15. a4 Bd7
16. f4 Be8 17. Qe2 Qh4 18. Ba3 Bh5 19. Qf2 Qxf2+ 20. Nxf2 Rfe8 21. Rfb1 Na5 22.
Bb4 Nc6 23. Bd6 Na5 24. Bc7 Nc6 25. Rxb7 Rec8 26. Rab1 Nf7 27. h3 Nfd8 28. Bxd8
Nxd8 29. R7b3 Nc6 30. g4 fxg4 31. hxg4 Be8 32. Rb6 Nd8 33. Rxa6 Rxa6 34. Bxa6
Ra8 35. Bb5 Bxb5 36. axb5 Rb8 37. Nd3 Kf7 38. Nc5 Ke7 39. b6 Nb7 40. Ra1 1-0

[Event "Druzynowe Mistrzostwa Polski Juniorow 2019 - II Liga"]
[Site "Szczyrk"]
[Date "1899-12-30"]
[Round "6.112"]
[White "Mansz, Martyna"]
[Black "Cwiek, Stefan"]
[Result "0-1"]
[WhiteTitle "I"]
[BlackTitle "II"]
[WhiteElo "1091"]
[BlackElo "1315"]

1. e4 e5 2. Nf3 Nc6 3. Bb5 Nge7 4. O-O g6 5. Nc3 Bg7 6. d3 O-O 7. Bg5 d6 8. Nd5
f6 9. Bc4 Kh8 10. Be3 Be6 11. Nxe7 Qxe7 12. Bxe6 Qxe6 13. Qd2 f5 14. Ng5 Qe7 15.
f4 exf4 16. Bxf4 Bxb2 17. Rab1 Bd4+ 18. Kh1 b6 19. Rf3 Ne5 20. Rh3 h5 21. Bxe5+
Bxe5 22. exf5 Rxf5 23. Nf3 Kg7 24. Re1 Qf6 25. Qe3 Rf8 26. Qe4 Bc3 27. Rd1 d5
28. Qa4 Ba5 29. Qd7+ Qf7 30. Qxf7+ R8xf7 31. Kg1 c5 32. Nh4 Re5 33. Nf3 Re2 34.
Rc1 Bd2 35. Rd1 Be3+ 36. Kh1 Rxc2 37. Ne5 Rd2 38. Re1 Bf2 39. Nxf7 Bxe1 40. Rf3
Rf2 41. Ne5 Rxf3 42. Nxf3 Bc3 43. Kg1 c4 44. dxc4 dxc4 45. Kf1 Kf6 46. Ke2 b5
47. Kd1 b4 48. Kc2 a5 49. a4 Be5 50. h3 b3+ 51. Kb1 c3 52. Ne1 c2+ 53. Kc1 Bf4+
54. Kb2 c1=Q+ 55. Kxb3 Qxe1 0-1

[Event "Druzynowe Mistrzostwa Polski Juniorow 2019 - II Liga"]
[Site "Szczyrk"]
[Date "1899-12-30"]
[Round "6.113"]
[White "Zybrant, Sandra"]
[Black "Wojtas, Emilia"]
[Result "0-1"]
[WhiteTitle "II"]
[BlackTitle "II"]
[WhiteElo "1000"]
[BlackElo "1088"]

1. e4 c5 2. c3 e6 3. d4 cxd4 4. cxd4 a6 5. Nc3 Qc7 6. e5 Bb4 7. Nge2 Ne7 8. a3
Bxc3+ 9. Nxc3 Nbc6 10. Be2 Nf5 11. Ne4 Ncxd4 12. Bf4 Nc2+ 13. Kf1 Nxa1 14. Qxa1
O-O 15. Bg4 Qc4+ 16. Be2 Qxe4 17. Bg3 Nxg3+ 18. hxg3 Qxe5 19. Qb1 g6 20. b4 b5
21. Qe1 Bb7 22. Bf3 Qxe1+ 23. Kxe1 Bxf3 24. gxf3 Rac8 0-1

[Event "Druzynowe Mistrzostwa Polski Juniorow 2019 - II Liga"]
[Site "Szczyrk"]
[Date "1899-12-30"]
[Round "6.114"]
[White "Uliasz, Katarzyna"]
[Black "Mielnik, Zofia"]
[Result "1-0"]
[WhiteTitle "I"]
[BlackTitle "IV"]
[WhiteElo "1333"]
[BlackElo "1000"]

1. e4 e5 2. Nf3 Nc6 3. d4 d5 4. exd5 Nxd4 5. Nxd4 exd4 6. Qxd4 Nh6 7. Bxh6 gxh6
8. Qxh8 Qe7+ 9. Be2 Qb4+ 10. Qc3 a5 11. Qxb4 axb4 12. O-O Bf5 13. c3 O-O-O 14.
cxb4 Bxb4 15. Bf3 Bd3 16. Rd1 Bxb1 17. Raxb1 Ba5 18. b4 Bb6 19. a4 f6 20. a5 Ba7
21. b5 Bc5 22. Rdc1 Bd6 23. b6 Rd7 24. bxc7 Bxc7 25. d6 Rxd6 26. Bxb7+ Kd7 27.
a6 Bb8 28. Rd1 f5 29. Rxd6+ Kxd6 30. Bc8 Ba7 31. Rb7 Bc5 32. a7 f4 33. a8=Q h5
34. Qb8+ Kd5 35. Rd7+ Kc4 36. Ba6+ Kc3 37. Rd3+ Kc2 38. Qxf4 h4 39. Qc4+ Kb2 40.
Rb3+ Ka2 41. Qa4+ Ba3 42. Qxa3# 1-0

[Event "Druzynowe Mistrzostwa Polski Juniorow 2019 - II Liga"]
[Site "Szczyrk"]
[Date "1899-12-30"]
[Round "6.115"]
[White "Drozdzal, Michal"]
[Black "Michalowski, Patryk"]
[Result "1-0"]
[WhiteTitle "II+"]
[BlackTitle "I"]
[WhiteElo "1447"]
[BlackElo "1674"]

1. e4 c5 2. Nc3 Nc6 3. Bb5 g6 4. Bxc6 dxc6 5. f4 Bg7 6. Nf3 Nf6 7. d3 Qc7 8. O-O
O-O 9. Qe1 Bg4 10. Ne5 Be6 11. Qh4 Ne8 12. Nf3 f6 13. Be3 b6 14. Ne2 Bf7 15. g4
Kh8 16. Kh1 Bg8 17. Rg1 Nd6 18. Raf1 Nf7 19. Qh3 h6 20. Ng3 Bh7 21. g5 fxg5 22.
fxg5 hxg5 23. Bxg5 Bd4 24. Rg2 Ne5 25. Nxe5 Rxf1+ 26. Nxf1 Bxe5 27. Rf2 Rg8 28.
Qe6 Qd6 29. Qxe7 Qxe7 30. Bxe7 Kg7 31. c3 Re8 32. Bg5 Bg8 33. a3 Be6 34. Ne3 Rh8
35. h4 Bg3 36. Bf6+ Kg8 37. Rg2 Rxh4+ 38. Bxh4 Bxh4 39. Rxg6+ Kf7 40. Rg2 Bf6
41. Ng4 Bh8 42. Nh6+ Kf6 43. Ng4+ Ke7 44. Kg1 a5 45. Kf2 b5 46. Ke3 b4 47. axb4
cxb4 48. cxb4 axb4 49. d4 Kd6 50. Kd3 c5 51. d5 Bc8 52. Ne3 Bd4 53. Nc4+ Ke7 54.
e5 Bh3 55. d6+ Kf7 56. Re2 Bf1 57. e6+ Kf6 58. e7 Bxe2+ 59. Kxe2 Kf7 60. Kd3 Ke8
61. Ke4 Kd7 62. Kd5 1-0

[Event "Druzynowe Mistrzostwa Polski Juniorow 2019 - II Liga"]
[Site "Szczyrk"]
[Date "1899-12-30"]
[Round "6.116"]
[White "Twardowski, Jakub"]
[Black "Tomkiewicz, Jakub"]
[Result "0-1"]
[WhiteTitle "III"]
[BlackTitle "II"]
[WhiteElo "1000"]
[BlackElo "1270"]

1. e4 d5 2. exd5 Qxd5 3. Nc3 Qd6 4. Nf3 c6 5. Bc4 Bg4 6. d3 e6 7. h3 Bh5 8. O-O
Nd7 9. Ne4 Qc7 10. Be3 Ngf6 11. Ng3 Bg6 12. Qd2 Bd6 13. Ne2 Ne5 14. Nfd4 Nxc4
15. dxc4 Ne4 16. Qd1 O-O 17. Qc1 Rad8 18. Rd1 Bh5 19. g4 Bg6 20. Nf4 Bxf4 21.
Bxf4 e5 22. Bh2 Qb6 23. Bxe5 f6 24. Ne6 Qxf2+ 25. Kh1 Ng3+ 26. Bxg3 Be4# 0-1

[Event "Druzynowe Mistrzostwa Polski Juniorow 2019 - II Liga"]
[Site "Szczyrk"]
[Date "1899-12-30"]
[Round "6.117"]
[White "Futyma, Dawid"]
[Black "Paschke, Kajetan"]
[Result "1/2-1/2"]
[WhiteTitle "II"]
[BlackTitle "III"]
[WhiteElo "1073"]
[BlackElo "1000"]

1. d4 d5 2. c4 e6 3. Nc3 Nf6 4. Nf3 c6 5. e3 Nbd7 6. Bd3 Bd6 7. O-O O-O 8. Qc2
h6 9. Bd2 Re8 10. cxd5 exd5 11. Rfe1 Nb6 12. e4 dxe4 13. Nxe4 Nxe4 14. Bxe4 Bg4
15. h3 Bxf3 16. Bxf3 Qc7 17. Qf5 Qd7 18. Qxd7 Nxd7 19. Rxe8+ Rxe8 20. Re1 Rxe1+
21. Bxe1 f5 22. d5 Nb8 23. dxc6 Nxc6 24. Bd5+ Kf8 25. Kf1 Ke7 26. Ke2 Kd7 27.
Bc3 g5 28. Bg7 h5 29. Bf7 h4 30. Bh5 Be5 31. Bxe5 Nxe5 32. Bf3 Nxf3 33. Kxf3 Ke6
34. Ke3 Ke5 35. f3 f4+ 1/2-1/2

[Event "Druzynowe Mistrzostwa Polski Juniorow 2019 - II Liga"]
[Site "Szczyrk"]
[Date "1899-12-30"]
[Round "6.118"]
[White "Kisiel, Dominik"]
[Black "Tomkiewicz, Szymon"]
[Result "0-1"]
[WhiteTitle "II"]
[BlackTitle "II"]
[WhiteElo "1061"]
[BlackElo "1092"]

1. e4 e5 2. Nf3 Nc6 3. Bb5 Nf6 4. Nc3 Bc5 5. d3 d6 6. Bg5 h6 7. Bxf6 Qxf6 8. O-O
O-O 9. h3 Nd4 10. Nxd4 Bxd4 11. Bc4 Qg6 12. Qf3 Kh8 13. Nd5 c6 14. Ne7 Qg5 15.
Nf5 Bxf5 16. Qxf5 Qxf5 17. exf5 b5 18. Bb3 Bxb2 19. Rab1 Bd4 20. a3 f6 21. g4
Rfb8 22. Be6 a5 23. Rfc1 a4 24. c3 Bc5 25. Ra1 Bb6 26. Bd7 Ra6 27. Kg2 Ba5 28.
f3 Rab6 29. Rab1 c5 30. Rc2 R8b7 31. Be6 Rb8 32. Kf2 b4 33. cxb4 cxb4 34. Ke2
b3 35. Rc4 b2 36. Rxa4 Bc3 37. Rc4 Rb3 38. Rc8+ Rxc8 39. Bxb3 Bd4 40. Kd1 Rc3
41. Bc2 Rxa3 42. h4 Kg8 43. h5 Kf8 44. Kd2 Ke7 45. Kd1 Kd7 46. Kd2 Kc6 47. Kd1
Kc5 48. Kd2 Kb4 49. Ke2 Kc3 50. Kd1 Ra1 51. f4 exf4 52. g5 fxg5 53. Ke2 Kxc2 54.
Rf1 Rxf1 55. Kxf1 b1=Q+ 56. Ke2 Qd1# 0-1

[Event "Druzynowe Mistrzostwa Polski Juniorow 2019 - II Liga"]
[Site "Szczyrk"]
[Date "1899-12-30"]
[Round "6.119"]
[White "Mazurek, Maja"]
[Black "Kicinska, Magdalena"]
[Result "1-0"]
[WhiteTitle "I"]
[BlackTitle "I"]
[WhiteElo "1294"]
[BlackElo "1012"]

1. d4 d5 2. c4 e6 3. Nc3 Nf6 4. Nf3 Nbd7 5. Bg5 Be7 6. e3 c6 7. Bd3 O-O 8. O-O
dxc4 9. Bxc4 Nd5 10. Bxe7 Qxe7 11. Re1 Nxc3 12. bxc3 e5 13. Qc2 exd4 14. exd4
Qf6 15. Re3 Nb6 16. Bb3 Bf5 17. Qd2 Qd6 18. Rae1 Nd5 19. Bxd5 Qxd5 20. Re5 Qd7
21. Re7 Qc8 22. Qf4 Be6 23. a3 Rb8 24. Qg5 Qd8 25. R1xe6 g6 26. Qh6 a6 27. Ng5
Re8 28. Qxh7+ Kf8 29. Qxf7# 1-0

[Event "Druzynowe Mistrzostwa Polski Juniorow 2019 - II Liga"]
[Site "Szczyrk"]
[Date "1899-12-30"]
[Round "6.120"]
[White "Kicinska, Anna"]
[Black "Futyma, Klaudia"]
[Result "1/2-1/2"]
[WhiteTitle "I"]
[BlackTitle "II"]
[WhiteElo "1000"]
[BlackElo "1000"]

1. e4 c5 2. c3 d6 3. d4 Nf6 4. e5 dxe5 5. Bd3 exd4 6. cxd4 cxd4 7. Nf3 Nc6 8. O-O
e5 9. Bb5 Bd6 10. Re1 O-O 11. Bxc6 bxc6 12. Nxe5 Qb6 13. Nc4 Qc5 14. Nxd6 Qxd6
15. h3 c5 16. Nc3 Bb7 17. Ne2 Qc6 18. f3 Nd7 19. Ng3 Qd6 20. Ne4 Qc6 21. Qd3 Qg6
22. Qb3 Bxe4 23. Rxe4 Qb6 24. Qxb6 axb6 25. a3 Rfe8 26. Rg4 Re1+ 27. Kf2 Rae8
28. b4 R8e2+ 29. Kg3 f6 30. bxc5 bxc5 31. a4 Rc2 32. Bb2 Rxa1 33. Bxa1 Ra2 34.
Bxd4 Rxa4 35. Be3 Rxg4+ 36. Kxg4 g6 37. Bd2 Ne5+ 38. Kg3 Kf7 39. Kf4 Ke6 40. g4
1/2-1/2

[Event "Druzynowe Mistrzostwa Polski Juniorow 2019 - II Liga"]
[Site "Szczyrk"]
[Date "1899-12-30"]
[Round "7.1"]
[White "Kawalko, Adam"]
[Black "Pniaczek, Marek"]
[Result "1/2-1/2"]
[WhiteTitle "I+"]
[BlackTitle "CM"]
[WhiteElo "1920"]
[BlackElo "2276"]

1. e4 c5 2. Nf3 e6 3. d4 cxd4 4. Nxd4 Nc6 5. Nc3 Qc7 6. Be3 a6 7. f4 d6 8. Qf3
Nf6 9. Bd3 Be7 10. O-O O-O 11. Rae1 Bd7 12. h3 Nxd4 13. Bxd4 e5 14. Be3 Bc6 15.
g4 exf4 16. Qxf4 Nd7 17. Nd5 Bxd5 18. exd5 Ne5 19. Qe4 g6 20. Bd4 Rae8 21. Bxe5
dxe5 22. Kg2 Bg5 23. Qc4 Qd6 24. Qb3 Re7 25. c4 Bf4 26. Qa3 Qf6 27. Rxf4 Qxf4
28. Qxe7 Qd2+ 29. Re2 Qxd3 30. Qxe5 Qxc4 31. b3 Qd3 32. Qe4 1/2-1/2